000 00664nam a2200229Ia 4500
003 OSt
005 20220925233037.0
006 a|||||r|||| 00| 0
007 ta
008 220923b |||||||| |||| 00| 0 eng d
037 _cGeneral Book
040 _aRTL
_cRTL
_beng
041 _2eng
_aeng
082 _aE.27136sN27-M91, F8.NAG
245 0 _aCENTRAL PROVINCES district gazetteer
_b Nagpur
260 _aNagpur
_bGovt. Press
_c1928
490 _vVol. B: Statistical tables 1891-1927
500 _aCorrected upto 1927
650 _aGAZETTEER
942 _hE.27136sN27-M91, F8.NAG
_cGB
_2CC
999 _c592750
_d592750